logo

IRLANDA Y EL REY PRUDENTE (Record no. 57988)

MARC details
000 -CABECERA
campo de control de longitud fija 00394nam a2200169Ia 4500
001 - NÚMERO DE CONTROL
campo de control 25653
005 - FECHA Y HORA DE LA ÚLTIMA TRANSACCIÓN
campo de control 20260407085057.0
008 - CÓDIGOS DE INFORMACIÓN DE LONGITUD FIJA
campo de control de longitud fija 260115s9999 xx 000 0 und d
035 ## - NÚMERO DE CONTROL DEL SISTEMA
Número de control de sistema 16036
090 ## - LOCALMENTE ASIGNADO TIPO-LC NÚMERO DE CLASIFICACIÓN (OCLC); NÚMERO DE CLASIFICACIÓN LOCAL (RLIN)
Número de clasificación (OCLC) (R) ; Numero de clasificación CALL (RLIN) (NR) 941.7:946.0
100 ## - PUNTO DE ACCESO PRINCIPAL - NOMBRE DE PERSONA
Nombre de persona GARCIA HERNAN ENRIQUE
245 #0 - MENCIÓN DE TÍTULO
Título IRLANDA Y EL REY PRUDENTE
260 ## - PUBLICACIÓN, DISTRIBUCIÓN, ETC. (PIE DE IMPRENTA)
Nombre del editor distribuidor etc. LABERINTO
Fecha de publicación distribución etc. 2000
630 ## - PUNTO DE ACCESO ADICIONAL DE MATERIA--TÍTULO UNIFORME
Título uniforme HISTORIA GENERAL
650 ## - PUNTO DE ACCESO ADICIONAL DE MATERIA--TÉRMINO DE MATERIA
Término de materia o nombre geográfico como elemento inicial HISTORIA
942 ## - ELEMENTOS DE PUNTO DE ACCESO ADICIONAL (KOHA)
Tipo de ítem Koha Monografías
Holdings
Estado de retiro Estado de pérdida Estado dañado No para préstamo Código de colección Localización permanente Ubicación/localización actual Ubicación en estantería Fecha de adquisición Enumeración/cronología de publicación seriada Número de inventario Número de registro Total de préstamos Signatura topográfica completa Código de barras Fecha visto por última vez Número de copia Precio válido a partir de Tipo de ítem Koha Nota pública
          Servicio de Estudios Históricos Servicio de Estudios Históricos   13/02/2001 941.7:946.0 22240 22240   16036 FH_25653 05/02/2026 1 05/02/2026 Monografías 21 CTMS.288 PAGINAS.1950 PTS.MADRID